Mapping airborne gamma-ray data using GIS (Record no. 67572)

MARC details
000 -LEADER
fixed length control field 00953cam a2200217 4500
001 - CONTROL NUMBER
control field ABS64146
008 - FIXED-LENGTH DATA ELEMENTS--GENERAL INFORMATION
fixed length control field 000000n2001 000 0 eng u
035 ## - SYSTEM CONTROL NUMBER
System control number (Sirsi) u113413
100 ## - MAIN ENTRY--PERSONAL NAME
Personal name White, D.
245 ## - TITLE STATEMENT
Title Mapping airborne gamma-ray data using GIS
260 ## - PUBLICATION, DISTRIBUTION, ETC.
Date of publication, distribution, etc. 2001
490 ## - SERIES STATEMENT
Series statement Surveying World
Volume/sequential designation 9(4) May/June 2001, 24-27(4)
520 ## - SUMMARY, ETC.
Summary, etc. The author, winner of the RICS Geomatics Prize 2000, introduces airborne gamma-ray spectrometry (AGS) whereby nuclear radiation is detected by low-flying aircraft reducing the time taken to produce radioactivity maps. Includes discussion of line spacing and scale issues and the interpretation and presentation of the data in a meaningful fashion through a case study of Inner Solway Firth. References.
590 ## - LOCAL NOTE (RLIN)
Local note ABS
650 ## - SUBJECT ADDED ENTRY--TOPICAL TERM
Topical term or geographic name entry element AIRBORNE GAMMA-RAY SPECTROMETRY
650 ## - SUBJECT ADDED ENTRY--TOPICAL TERM
Topical term or geographic name entry element GAMMA-RAYS
650 ## - SUBJECT ADDED ENTRY--TOPICAL TERM
Topical term or geographic name entry element GAMMA RAYS
650 ## - SUBJECT ADDED ENTRY--TOPICAL TERM
Topical term or geographic name entry element RADIATION MAPPING
690 ## - LOCAL SUBJECT ADDED ENTRY--TOPICAL TERM (OCLC, RLIN)
Topical term or geographic name as entry element Geomatics
9 (RLIN) 6242
942 ## - ADDED ENTRY ELEMENTS (KOHA)
Suppress in OPAC 0
Holdings
Withdrawn status Lost status Source of classification or shelving scheme Damaged status Not for loan Home library Current library Shelving location Date acquired Total Checkouts Full call number Barcode Date last seen Copy number Price effective from Koha item type
    Dewey Decimal Classification     London London Journal article 03/07/2001   ABS64146 113413-1001 06/08/2019 1 06/08/2019 Journal article